[Event "2024 US National High School (K-12) Championship"]
[Site "Baltimore, Maryland, United States"]
[Date "2024.04.05"]
[Round "1.23"]
[White "Kumar, Pranava"]
[Black "Modzelewski, Jacob Sol"]
[Result "1-0"]
[TimeControl "G/90; d10"]
[WhiteFideId "30949971"]
[WhiteElo "1599"]
[BlackElo "1290"]

1. e4 {[%clk 01:30:00]} e5 {[%clk 01:30:00]} {[%emt 00:00:22]} 2. Nf3 {[%clk
01:30:00]} Nc6 {[%clk 01:30:00]} 3. Bc4 {[%clk 01:30:00]} {[%emt 00:00:08]} Bc5
{[%clk 01:30:00]} 4. c3 {[%clk 01:30:00]} {[%emt 00:00:13]} Nf6 {[%clk
01:30:00]} 5. d4 {[%clk 01:29:57]} {[%emt 00:00:10]} exd4 {[%clk 01:30:00]}
{[%emt 00:00:31]} 6. e5 {[%clk 01:29:57]} d5 {[%clk 01:30:00]} {[%emt
00:00:05]} 7. Bb5 {[%clk 01:29:55]} Ne4 {[%clk 01:30:00]} {[%emt 00:00:07]} 8.
cxd4 {[%clk 01:29:54]} {[%emt 00:00:05]} Be7 {[%clk 01:29:52]} {[%emt
00:00:19]} 9. h3 {[%clk 01:27:03]} {[%emt 00:03:14]} O-O {[%clk 01:29:44]}
{[%emt 00:00:05]} 10. O-O {[%clk 01:26:39]} {[%emt 00:00:32]} Bd7 {[%clk
01:28:56]} {[%emt 00:01:02]} 11. Bd3 {[%clk 01:26:03]} {[%emt 00:00:58]} Bf5
{[%clk 01:28:05]} {[%emt 00:00:44]} 12. a3 {[%clk 01:25:47]} {[%emt 00:00:25]}
Qd7 {[%clk 01:27:31]} {[%emt 00:00:45]} 13. Kh2 {[%clk 01:25:04]} {[%emt
00:00:52]} a5 {[%clk 01:26:08]} {[%emt 00:01:34]} 14. Qc2 {[%clk 01:23:15]}
{[%emt 00:01:57]} Bg6 {[%clk 01:24:54]} {[%emt 00:01:32]} 15. Be3 {[%clk
01:20:43]} {[%emt 00:02:34]} Rfd8 {[%clk 01:21:43]} {[%emt 00:03:22]} 16. Nbd2
{[%clk 01:15:37]} {[%emt 00:05:14]} Nxd2 {[%clk 01:19:58]} {[%emt 00:02:21]} 17.
Qxd2 {[%clk 01:14:30]} {[%emt 00:00:52]} Be4 {[%clk 01:19:24]} {[%emt
00:00:50]} 18. Bb5 {[%clk 01:11:23]} {[%emt 00:03:11]} Qf5 {[%clk 01:18:29]}
{[%emt 00:01:04]} 19. Ng5 {[%clk 01:03:45]} {[%emt 00:07:47]} Qg6 {[%clk
01:15:26]} {[%emt 00:03:14]} 20. Nxe4 {[%clk 01:00:00]} {[%emt 00:03:57]} dxe4
{[%clk 01:15:26]} {[%emt 00:00:07]} 21. Rac1 {[%clk 00:58:20]} {[%emt
00:01:48]} Nxe5 {[%clk 01:13:42]} {[%emt 00:01:54]} 22. Bf4 {[%clk 00:53:58]}
{[%emt 00:05:11]} Bf6 {[%clk 01:12:37]} {[%emt 00:00:48]} 23. Rxc7 {[%emt
00:01:51]} Rxd4 {[%clk 01:12:14]} {[%emt 00:00:22]} 24. Qc3 {[%clk 00:50:10]}
{[%emt 00:02:17]} h6 {[%clk 01:11:25]} {[%emt 00:01:00]} 25. Kh1 {[%clk
00:48:25]} {[%emt 00:01:53]} Rd5 {[%clk 01:10:42]} {[%emt 00:00:53]} 26. Rc8+
{[%clk 00:47:44]} {[%emt 00:00:52]} Rxc8 {[%clk 01:10:36]} {[%emt 00:00:18]} 27.
Qxc8+ {[%clk 00:47:44]} {[%emt 00:00:04]} Kh7 {[%clk 01:10:35]} {[%emt
00:00:24]} 28. Qxb7 {[%clk 00:47:06]} {[%emt 00:00:34]} Rc5 {[%clk 01:08:29]}
{[%emt 00:02:14]} 29. Be3 {[%clk 00:45:04]} {[%emt 00:02:34]} Rc2 {[%clk
01:07:50]} {[%emt 00:00:28]} 30. Ba4 {[%clk 00:44:50]} {[%emt 00:00:22]} Rc4
{[%clk 01:07:22]} {[%emt 00:00:41]} 31. Bb3 {[%clk 00:44:16]} {[%emt 00:00:40]}
Qf5 {[%clk 01:06:15]} {[%emt 00:01:17]} 32. Bxc4 {[%clk 00:42:47]} {[%emt
00:01:43]} Nxc4 {[%clk 01:06:15]} {[%emt 00:00:25]} 33. Bc1 {[%clk 00:40:46]}
{[%emt 00:01:52]} e3 {[%clk 01:05:28]} {[%emt 00:00:57]} 34. Qf3 {[%clk
00:38:03]} {[%emt 00:02:53]} Qb1 {[%clk 01:04:18]} {[%emt 00:01:20]} 35. fxe3
{[%clk 00:36:01]} {[%emt 00:02:27]} Nxb2 {[%clk 01:03:59]} {[%emt 00:00:13]} 36.
Qf5+ {[%clk 00:26:38]} {[%emt 00:09:34]} Qxf5 {[%clk 01:03:50]} {[%emt
00:00:20]} 37. Rxf5 {[%clk 00:26:38]} a4 {[%clk 01:00:48]} {[%emt 00:03:19]} 38.
Rxf6 {[%clk 00:25:02]} 1-0

[Event "2024 US National High School (K-12) Championship"]
[Site "Baltimore, Maryland, United States"]
[Date "2024.04.05"]
[Round "1.24"]
[White "Baldwin, Miles Somay"]
[Black "Wheeler, Deva"]
[Result "1-0"]
[TimeControl "G/90; d10"]
[WhiteElo "1288"]
[BlackElo "1188"]

1. e4 {[%clk 01:30:00]} c6 {[%clk 01:30:00]} 2. Nf3 {[%clk 01:30:00]} {[%emt
00:00:06]} d5 {[%clk 01:29:59]} {[%emt 00:00:31]} 3. exd5 {[%clk 01:29:57]}
{[%emt 00:00:07]} cxd5 {[%clk 01:29:59]} 4. d4 {[%clk 01:29:49]} {[%emt
00:00:11]} Bg4 {[%clk 01:29:06]} {[%emt 00:01:04]} 5. Be2 {[%clk 01:29:01]}
{[%emt 00:00:54]} Nf6 {[%clk 01:28:16]} {[%emt 00:01:00]} 6. h3 {[%clk
01:27:58]} {[%emt 00:01:13]} Bh5 {[%clk 01:27:28]} {[%emt 00:00:58]} 7. Nc3
{[%clk 01:27:23]} {[%emt 00:01:00]} e6 {[%clk 01:26:47]} {[%emt 00:00:36]} 8.
Bf4 {[%clk 01:26:36]} {[%emt 00:00:57]} Bd6 {[%clk 01:24:52]} {[%emt 00:02:06]}
9. Bxd6 {[%clk 01:25:30]} {[%emt 00:01:27]} Qxd6 {[%clk 01:24:52]} 10. O-O
{[%clk 01:25:16]} {[%emt 00:00:28]} Nc6 {[%clk 01:22:49]} {[%emt 00:02:05]} 11.
Re1 {[%clk 01:24:16]} {[%emt 00:01:22]} O-O {[%clk 01:21:18]} {[%emt 00:01:33]}
12. a3 {[%clk 01:23:17]} {[%emt 00:01:05]} Qf4 {[%clk 01:12:56]} {[%emt
00:08:31]} 13. g3 {[%clk 01:16:28]} {[%emt 00:07:20]} Qh6 {[%clk 01:08:41]}
{[%emt 00:04:05]} 14. Kg2 {[%clk 01:13:47]} {[%emt 00:02:50]} Nd7 {[%clk
01:02:48]} {[%emt 00:06:03]} 15. Rc1 {[%clk 01:10:40]} {[%emt 00:03:17]} f5
{[%clk 00:58:37]} {[%emt 00:04:22]} 16. h4 {[%clk 01:05:34]} {[%emt 00:05:25]}
Bxf3+ {[%clk 00:50:00]} {[%emt 00:08:36]} 17. Bxf3 {[%clk 01:05:33]} {[%emt
00:00:19]} f4 {[%clk 00:44:16]} {[%emt 00:05:50]} 18. Rxe6 {[%clk 00:56:52]}
{[%emt 00:08:57]} Rf6 {[%clk 00:41:25]} {[%emt 00:02:59]} 19. Rxf6 {[%clk
00:56:31]} {[%emt 00:00:23]} Nxf6 {[%clk 00:40:21]} {[%emt 00:01:15]} 20. Nxd5
{[%clk 00:54:57]} {[%emt 00:02:21]} fxg3 {[%clk 00:37:56]} {[%emt 00:02:19]} 21.
Nxf6+ {[%clk 00:52:59]} {[%emt 00:01:46]} Qxf6 {[%clk 00:37:56]} {[%emt
00:00:29]} 22. fxg3 {[%clk 00:52:15]} {[%emt 00:00:45]} Nxd4 {[%clk 00:31:31]}
{[%emt 00:06:26]} 23. c3 {[%clk 00:50:02]} {[%emt 00:02:23]} Qxf3+ {[%clk
00:28:48]} {[%emt 00:02:52]} 24. Qxf3 {[%clk 00:49:58]} {[%emt 00:00:22]} Nxf3
{[%clk 00:28:48]} {[%emt 00:00:04]} 25. Kxf3 {[%clk 00:49:58]} {[%emt
00:00:16]} Rd8 {[%clk 00:28:44]} {[%emt 00:00:07]} 26. Re1 {[%clk 00:48:39]}
{[%emt 00:01:28]} Kf7 {[%clk 00:27:47]} {[%emt 00:00:56]} 27. Re4 {[%clk
00:45:13]} {[%emt 00:04:08]} Rd3+ {[%clk 00:26:10]} {[%emt 00:01:23]} 28. Kf4
{[%clk 00:44:26]} {[%emt 00:01:17]} Kf6 {[%clk 00:24:45]} {[%emt 00:01:09]} 29.
Rd4 {[%clk 00:43:34]} {[%emt 00:01:01]} Rxd4+ {[%clk 00:24:30]} {[%emt
00:00:26]} 30. cxd4 {[%clk 00:43:34]} {[%emt 00:00:38]} Ke6 {[%clk 00:24:30]}
31. Ke4 {[%clk 00:43:31]} {[%emt 00:00:04]} a6 {[%clk 00:22:57]} {[%emt
00:01:24]} 32. b4 {[%clk 00:41:12]} {[%emt 00:02:36]} Kd6 {[%clk 00:22:25]}
{[%emt 00:00:34]} 33. d5 {[%clk 00:41:06]} {[%emt 00:00:16]} b6 {[%clk
00:21:42]} {[%emt 00:00:56]} 34. Kd4 {[%clk 00:40:54]} {[%emt 00:00:43]} Kd7
{[%clk 00:21:12]} {[%emt 00:00:25]} 35. Ke5 {[%emt 00:00:05]} Ke7 {[%emt
00:00:10]} 36. d6+ {[%clk 00:40:25]} {[%emt 00:00:16]} Kd7 {[%clk 00:21:12]}
{[%emt 00:00:40]} 37. Kd5 {[%clk 00:40:24]} h5 {[%clk 00:20:58]} 38. Ke5 {[%clk
00:40:16]} {[%emt 00:00:18]} a5 {[%clk 00:20:56]} {[%emt 00:00:08]} 39. b5
{[%clk 00:39:58]} {[%emt 00:00:35]} a4 {[%clk 00:20:56]} 40. Kd5 {[%clk
00:39:58]} {[%emt 00:00:11]} Kd8 {[%clk 00:20:32]} {[%emt 00:00:31]} 41. Kc6
{[%clk 00:39:47]} {[%emt 00:00:21]} Kc8 {[%clk 00:20:32]} {[%emt 00:00:17]} 42.
Kxb6 {[%clk 00:39:35]} {[%emt 00:00:22]} Kd7 {[%clk 00:20:32]} 43. Ka7 {[%clk
00:39:33]} {[%emt 00:00:06]} g5 {[%clk 00:20:24]} {[%emt 00:00:19]} 44. b6
{[%clk 00:39:25]} {[%emt 00:00:17]} gxh4 {[%clk 00:20:24]} {[%emt 00:00:04]} 45.
gxh4 {[%clk 00:39:20]} {[%emt 00:00:09]} Kc6 {[%clk 00:20:15]} {[%emt
00:00:27]} 46. b7 {[%clk 00:39:20]} {[%emt 00:00:13]} Kd7 {[%clk 00:20:15]}
{[%emt 00:00:03]} 47. b8=Q {[%clk 00:39:09]} {[%emt 00:00:15]} Kc6 {[%clk
00:20:15]} {[%emt 00:00:09]} 48. Qc7+ {[%clk 00:39:08]} {[%emt 00:00:08]} Kb5
{[%clk 00:20:15]} {[%emt 00:00:06]} 49. Qb6+ {[%clk 00:38:57]} {[%emt
00:00:17]} Kc4 {[%clk 00:20:15]} {[%emt 00:00:30]} 50. d7 {[%clk 00:38:51]}
{[%emt 00:00:04]} Kc3 {[%clk 00:20:15]} 51. d8=R {[%emt 00:00:06]} Kc4 {[%emt
00:00:04]} 52. Qb4# {[%emt 00:00:14]} 1-0

[Event "2024 US National High School (K-12) Championship"]
[Site "Baltimore, Maryland, United States"]
[Date "2024.04.05"]
[Round "1.25"]
[White "Kekulah, Malcolm"]
[Black "Brown, Thomas"]
[Result "1/2-1/2"]
[TimeControl "G/90; d10"]
[WhiteElo "798"]
[BlackElo "546"]

1. e4 {[%clk 01:29:56]} {[%emt 00:00:16]} d6 {[%clk 01:29:58]} {[%emt
00:00:13]} 2. Nf3 {[%clk 01:29:48]} {[%emt 00:00:18]} g6 {[%clk 01:29:49]}
{[%emt 00:00:20]} 3. Nc3 {[%clk 01:29:40]} {[%emt 00:00:18]} c6 {[%clk
01:29:49]} {[%emt 00:00:09]} 4. d4 {[%clk 01:29:38]} {[%emt 00:00:12]} Bg7
{[%clk 01:29:34]} {[%emt 00:00:24]} 5. Be2 {[%clk 01:29:18]} {[%emt 00:00:29]}
Nd7 {[%clk 01:29:05]} {[%emt 00:00:40]} 6. O-O {[%clk 01:28:53]} {[%emt
00:00:35]} Ngf6 {[%clk 01:29:03]} {[%emt 00:00:12]} 7. Re1 {[%clk 01:28:49]}
{[%emt 00:00:14]} O-O {[%clk 01:28:54]} {[%emt 00:00:19]} 8. a3 {[%clk
01:28:49]} {[%emt 00:00:10]} Qe8 {[%clk 01:28:31]} {[%emt 00:00:33]} 9. h3
{[%clk 01:28:38]} {[%emt 00:00:21]} e5 {[%clk 01:28:06]} {[%emt 00:00:36]} 10.
dxe5 {[%clk 01:28:20]} {[%emt 00:00:28]} dxe5 {[%clk 01:27:52]} {[%emt
00:00:23]} 11. Bg5 {[%clk 01:27:36]} {[%emt 00:00:54]} h6 {[%clk 01:27:34]}
{[%emt 00:00:27]} 12. Bxf6 {[%clk 01:27:09]} {[%emt 00:00:37]} Nxf6 {[%clk
01:26:51]} {[%emt 00:00:54]} 13. a4 {[%clk 01:26:36]} {[%emt 00:00:43]} Nh5
{[%clk 01:26:31]} {[%emt 00:00:30]} 14. Nh2 {[%clk 01:24:40]} {[%emt 00:01:59]}
f5 {[%clk 01:25:31]} {[%emt 00:01:17]} 15. Bxh5 {[%clk 01:24:24]} {[%emt
00:00:27]} gxh5 {[%clk 01:25:04]} {[%emt 00:00:36]} 16. exf5 {[%clk 01:24:08]}
{[%emt 00:00:26]} Rxf5 {[%clk 01:24:38]} {[%emt 00:00:35]} 17. Ra3 {[%clk
01:22:33]} {[%emt 00:01:46]} Qf8 {[%clk 01:21:48]} {[%emt 00:03:00]} 18. Rf1
{[%clk 01:21:50]} {[%emt 00:00:52]} Be6 {[%clk 01:20:19]} {[%emt 00:01:38]} 19.
Qd2 {[%clk 01:20:21]} {[%emt 00:01:33]} Rd8 {[%clk 01:19:43]} {[%emt 00:00:52]}
20. Qe3 {[%clk 01:19:46]} {[%emt 00:00:43]} a6 {[%clk 01:18:53]} {[%emt
00:01:01]} 1/2-1/2

[Event "2024 US National High School (K-12) Championship"]
[Site "Baltimore, Maryland, United States"]
[Date "2024.04.05"]
[Round "1.26"]
[White "Nguyen, Richie Do"]
[Black "Kogan, Jonathan"]
[Result "0-1"]
[TimeControl "G/90; d10"]
[WhiteElo "545"]
[BlackElo "798"]

1. e4 {[%clk 01:29:57]} {[%emt 00:00:17]} e5 {[%emt 00:35:52]} 2. Nf3 {[%clk
01:29:13]} {[%emt 00:00:32]} Nc6 {[%clk 00:54:42]} {[%emt 00:00:16]} 3. Bb5
{[%clk 01:28:42]} {[%emt 00:00:41]} a6 {[%clk 00:53:50]} {[%emt 00:01:01]} 4.
Bxc6 {[%clk 01:28:11]} {[%emt 00:00:41]} dxc6 {[%clk 00:53:45]} {[%emt
00:00:16]} 5. Nxe5 {[%clk 01:27:43]} {[%emt 00:00:34]} Qd4 {[%clk 00:53:45]}
{[%emt 00:00:08]} 6. Qh5 {[%clk 01:25:20]} {[%emt 00:02:32]} Qxe4+ {[%clk
00:53:07]} {[%emt 00:00:48]} 7. Kd1 {[%clk 01:24:34]} {[%emt 00:00:54]} g6
{[%clk 00:52:40]} {[%emt 00:00:39]} 8. Nc3 {[%clk 01:23:38]} {[%emt 00:01:07]}
Qxg2 {[%clk 00:51:13]} {[%emt 00:01:36]} 9. Qf3 {[%clk 01:22:50]} {[%emt
00:00:58]} Qxf3+ {[%clk 00:50:50]} {[%emt 00:00:33]} 10. Nxf3 {[%clk 01:22:46]}
{[%emt 00:00:13]} Bg4 {[%clk 00:50:49]} {[%emt 00:00:13]} 11. Re1+ {[%clk
01:21:54]} {[%emt 00:01:02]} Kd7 {[%clk 00:50:05]} {[%emt 00:00:53]} 12. Re3
{[%clk 01:20:48]} {[%emt 00:01:16]} Re8 {[%clk 00:49:22]} {[%emt 00:00:53]} 13.
Rd3+ {[%clk 01:18:32]} {[%emt 00:02:25]} Kc8 {[%clk 00:48:20]} {[%emt
00:01:12]} 14. Ne2 {[%clk 01:18:12]} {[%emt 00:00:31]} Bc5 {[%clk 00:47:46]}
{[%emt 00:00:45]} 15. Rc3 {[%clk 01:17:03]} {[%emt 00:01:19]} Bxf2 {[%clk
00:47:22]} {[%emt 00:00:33]} 16. d4 {[%clk 01:16:27]} {[%emt 00:00:41]} Nf6
{[%clk 00:46:29]} {[%emt 00:01:08]} 17. h3 {[%clk 01:15:28]} {[%emt 00:01:09]}
Bh5 {[%clk 00:46:10]} {[%emt 00:00:29]} 18. Nf4 {[%clk 01:12:51]} {[%emt
00:02:44]} Re1+ {[%clk 00:44:46]} {[%emt 00:01:37]} 19. Kd2 {[%clk 01:12:28]}
{[%emt 00:00:32]} Ne4+ {[%clk 00:44:16]} {[%emt 00:00:39]} 20. Kd3 {[%clk
01:11:18]} {[%emt 00:01:21]} Bxf3 {[%clk 00:41:41]} {[%emt 00:01:24]} 21. Kc4
{[%clk 01:11:06]} {[%emt 00:01:42]} b5+ {[%clk 00:40:42]} {[%emt 00:01:09]} 22.
Kb4 {[%clk 01:10:25]} {[%emt 00:00:51]} Nxc3 {[%clk 00:40:14]} {[%emt
00:00:37]} 23. bxc3 {[%clk 01:09:53]} {[%emt 00:00:42]} Be3 {[%clk 00:39:16]}
{[%emt 00:01:09]} 24. Nd3 {[%clk 01:09:04]} {[%emt 00:01:00]} Rh1 {[%clk
00:37:55]} {[%emt 00:01:30]} 25. Bb2 {[%clk 01:08:35]} {[%emt 00:00:40]} Rxa1
{[%clk 00:37:34]} {[%emt 00:00:30]} 26. Bxa1 {[%clk 01:08:35]} {[%emt
00:00:05]} Rd8 {[%clk 00:37:01]} {[%emt 00:00:43]} 27. Ne5 {[%clk 01:08:04]}
{[%emt 00:00:41]} Bd5 {[%clk 00:36:36]} {[%emt 00:00:36]} 28. Ng4 {[%clk
01:06:02]} {[%emt 00:02:11]} Bg5 {[%clk 00:35:54]} {[%emt 00:00:53]} 29. a4
{[%clk 01:05:24]} {[%emt 00:00:49]} Be7+ {[%clk 00:35:41]} {[%emt 00:00:23]} 30.
Ka5 {[%clk 01:05:08]} {[%emt 00:00:26]} b4 {[%clk 00:35:29]} {[%emt 00:00:22]}
31. Kxa6 {[%clk 01:04:37]} {[%emt 00:00:41]} Bc4+ {[%clk 00:34:58]} {[%emt
00:00:41]} 32. Ka5 {[%clk 01:04:17]} {[%emt 00:00:30]} Kb7 {[%clk 00:34:30]}
{[%emt 00:00:38]} 33. cxb4 {[%clk 01:03:38]} {[%emt 00:01:22]} Ra8# {[%clk
00:34:11]} {[%emt 00:00:16]} 0-1

[Event "2024 US National High School (K-12) Championship"]
[Site "Baltimore, Maryland, United States"]
[Date "2024.04.05"]
[Round "1.27"]
[White "Li, Valen"]
[Black "Medina-Reyes, Raul"]
[Result "1-0"]
[TimeControl "G/90; d10"]
[WhiteElo "1199"]
[BlackElo "956"]

1. e4 {[%clk 01:30:00]} {[%emt 01:10:13]} e5 {[%clk 01:30:00]} {[%emt
00:00:11]} 2. Nf3 {[%clk 01:30:00]} {[%emt 00:00:06]} Nc6 {[%clk 01:30:00]}
{[%emt 00:00:04]} 3. d4 {[%clk 01:30:00]} {[%emt 00:00:04]} exd4 {[%clk
01:29:47]} {[%emt 00:00:55]} 4. Bc4 {[%clk 01:30:00]} Qe7 {[%clk 01:29:15]}
{[%emt 00:00:42]} 5. O-O {[%clk 01:29:46]} {[%emt 00:00:25]} d6 {[%clk
01:28:52]} {[%emt 00:00:31]} 6. Nxd4 {[%clk 01:28:22]} {[%emt 00:01:35]} Bd7
{[%clk 01:27:12]} {[%emt 00:01:40]} 7. Nc3 {[%clk 01:23:59]} {[%emt 00:04:44]}
Nf6 {[%clk 01:25:50]} {[%emt 00:01:28]} 8. Bg5 {[%clk 01:10:49]} {[%emt
00:13:24]} h6 {[%clk 01:21:45]} {[%emt 00:03:05]} 9. Nd5 {[%clk 01:10:13]}
{[%emt 00:01:55]} Qd8 {[%clk 01:21:00]} {[%emt 00:00:31]} 10. Bxf6 {[%clk
01:08:58]} {[%emt 00:01:50]} gxf6 {[%clk 01:20:23]} {[%emt 00:00:11]} 11. Qf3
{[%clk 01:04:32]} {[%emt 00:05:11]} Be7 {[%clk 01:17:23]} {[%emt 00:03:07]} 12.
Qh5 {[%clk 00:46:48]} {[%emt 00:17:58]} Rf8 {[%clk 01:13:35]} {[%emt 00:02:36]}
13. Nf5 {[%clk 00:44:33]} {[%emt 00:03:47]} Bxf5 {[%clk 01:12:14]} {[%emt
00:01:26]} 14. exf5 {[%clk 00:39:42]} {[%emt 00:05:07]} Qd7 {[%clk 01:11:23]}
{[%emt 00:00:57]} 15. Rfe1 {[%clk 00:36:21]} {[%emt 00:03:35]} O-O-O {[%clk
01:10:26]} {[%emt 00:01:06]} 16. Nxe7+ {[%clk 00:34:38]} {[%emt 00:01:54]} Nxe7
{[%clk 01:09:57]} {[%emt 00:00:37]} 17. Bxf7 {[%emt 00:01:41]} Nxf5 {[%emt
00:00:45]} 18. Be6 {[%emt 00:00:30]} Nd4 {[%emt 00:01:43]} 19. Bxd7+ {[%emt
00:00:22]} Rxd7 {[%clk 01:05:24]} {[%emt 00:00:03]} 20. Re8+ {[%clk 00:33:47]}
{[%emt 00:00:52]} Rxe8 {[%emt 00:00:37]} 21. Qxe8+ {[%emt 00:00:07]} Rd8 {[%clk
01:04:45]} {[%emt 00:00:04]} 22. Qg6 {[%clk 00:32:55]} {[%emt 00:00:55]} c5
{[%clk 01:04:11]} {[%emt 00:00:50]} 23. c3 {[%clk 00:32:17]} {[%emt 00:00:50]}
Ne2+ {[%clk 01:04:02]} {[%emt 00:00:18]} 24. Kf1 {[%clk 00:32:17]} {[%emt
00:00:09]} Rd7 {[%clk 01:02:37]} {[%emt 00:01:32]} 25. Qe8+ {[%clk 00:31:55]}
{[%emt 00:00:35]} 1-0